Consideraciones críticas acerca de la epistemología de la psicología social (Record no. 64834)

MARC details
000 -CABECERA
campo de control de longitud fija 00594nam a2200205 a 4500
005 - FECHA Y HORA DE LA ÚLTIMA TRANSACCIÓN
campo de control 20210223123819.0
008 - ELEMENTOS DE LONGITUD FIJA--INFORMACIÓN GENERAL
campo de control de longitud fija 991125n 000 0 spa u
035 ## - NÚMERO DE CONTROL DEL SISTEMA
Número de control de sistema UPN01000069144
100 ## - ASIENTO PRINCIPAL--NOMBRE PERSONAL
Nombre de persona FOLLARI, Roberto A.
9 (RLIN) 35106
222 ## - TÍTULO CLAVE
Título clave REVISTA DE LA EDUCACION SUPERIOR
245 ## - MENCIÓN DE TÍTULO
Título Consideraciones críticas acerca de la epistemología de la psicología social
300 ## - DESCRIPCIÓN FÍSICA
Extensión 31-50
362 ## - FECHAS DE PUBLICACIÓN Y/O DESIGNACIÓN SECUENCIAL
Fecha de publicación y/o designación secuencial 1982 Vol. 11, no. 3(43), jul.-sep.
653 0# - TERMINO DE INDIZACION - NO CONTROLADO
Término no controlado COMPORTAMIENTO
653 0# - TERMINO DE INDIZACION - NO CONTROLADO
Término no controlado MOTIVACION
653 0# - TERMINO DE INDIZACION - NO CONTROLADO
Término no controlado TESTS
653 0# - TERMINO DE INDIZACION - NO CONTROLADO
Término no controlado PSICOLOGIA SOCIAL
904 ## - ELEMENTOS DE DATOS D LOCAL, LDD (RLIN)
a AC
b 006955
905 ## - TIPO DE MATERIAL
Tipo de material Articulo

No items available.